• 首页
  • 本馆介绍
  • 公告通知
  • 最新文献
  • 馆藏检索
  • 电子资源
  • 读者导购
  • 参考咨询
  • 我的图书馆
  • 登录
  • 详细信息显示
  • 放入我的书架
  • 预约/预借图书
  • 作者相关作品
  • 分类相关作品
  • 丛书相关作品
  • 出版社相关作品

书目信息

  • 表格格式
  • 工作单格式
  • 卡片格式
题名:
智能传感器系统
    
 
作者: 梅杰 , 珀提斯 , 马金瓦 著 ;靖向萌 , 明安杰 , 刘丰满 译
分册:  
出版信息: 北京   机械工业出版社  2018
页数: x, 261页
开本: 24cm
丛书名: 智能传感技术丛书
单 册:
中图分类: TP212.6
科图分类:
主题词: 智能传感器--zhi neng chuan gan qi
电子资源:
ISBN: 978-7-111-59412-3
000 01658oam2 22003851 450
001 0121141150
005 20181121141150.0
010    @a978-7-111-59412-3@b@dCNY79.00
100    @a20180531d2018 em y0chiy50 ea
101 1  @achi@ceng
102    @aCN@b110000
105    @aa a 000yy
106    @ar
200 1  @a智能传感器系统@Azhi neng chuan gan qi xi tong@e新兴技术及其应用@f(荷兰) 杰拉德·梅杰, 米切尔·珀提斯, 科菲·马金瓦等著@d= Smart sensor systems@eemerging technologies and applications@fGerard Meijer, Michiel Pertijs, Kofi Makinwa@g靖向萌 ... [等] 译@zeng
210    @a北京@c机械工业出版社@d2018
215    @ax, 261页@c图@d24cm
225 2  @a智能传感技术丛书@Azhi neng chuan gan ji shu cong shu
304    @a译者还有:明安杰、刘丰满、庄越宸、陈海亮、王琪翔等18人
306    @a由Wiley授权出版
320    @a有书目
330    @a本书是一本从系统角度全面介绍传感器及其相关电路设计的书,详细介绍了一些典型的传感器系统,内容实用并具有一定深度,是一本具有新颖性和基础性的微型传感器领域专业书籍。
410  0 @12001 @a智能传感技术丛书
500 10 @aSmart sensor systems : emerging technologies and applications@mChinese
517 1  @a新兴技术及其应用@Axin xing ji shu ji qi ying yong
606 0  @a智能传感器@Azhi neng chuan gan qi
690    @aTP212.6@v5
701  1 @a梅杰@Amei jie@g(Meijer, Gerard)@4著
701  1 @a珀提斯@Apo ti si@g(Pertijs, Michiel)@4著
701  1 @a马金瓦@Ama jin wa@g(Makinwa, Kofi)@4著
702  0 @a靖向萌@Ajing xiang meng@4译
702  0 @a明安杰@Aming an jie@4译
702  0 @a刘丰满@Aliu feng man@4译
801  0 @aCN@bMUSE@c20181206@g
905    @aBZT@dTP212.6@e1
906    @dCNY79.00@n3@r1
    
    智能传感器系统:新兴技术及其应用/(荷兰) 杰拉德·梅杰, 米切尔·珀提斯, 科菲·马金瓦等著= Smart sensor systems:emerging technologies and applications/Gerard Meijer, Michiel Pertijs, Kofi Makinwa/靖向萌 ... [等] 译.-北京:机械工业出版社,2018
    x, 261页:图;24cm.-(智能传感技术丛书)
    
    
    ISBN 978-7-111-59412-3:CNY79.00
    本书是一本从系统角度全面介绍传感器及其相关电路设计的书,详细介绍了一些典型的传感器系统,内容实用并具有一定深度,是一本具有新颖性和基础性的微型传感器领域专业书籍。
●
相关链接 在五车中查询图书 在当当中查询图书 在豆瓣中查询图书


正题名:智能传感器系统     索取号:TP212.6/1         预约/预借

序号 登录号 条形码 馆藏地/架位号 状态 备注
1 857982   2000857982   第二书库/ [索取号:TP212.6/1] 在馆    
2 857983   2000857983   第二书库/ [索取号:TP212.6/1] 在馆    
3 857984   2000857984   第二书库/ [索取号:TP212.6/1] 已借出,限还日期为2025.04.12
借出人:邹丽娟  
 
山东省滨州职业学院图书馆 欢迎您!
大连网信软件有限公司© 版权所有